| 000 | 00533 a2200169 4500 | ||
|---|---|---|---|
| 003 | NUST | ||
| 005 | 20251022115523.0 | ||
| 040 | _cNust | ||
| 082 | _a621.382,SID | ||
| 100 |
_aSiddiqi , Ali Muhammad (TE-42) _9131409 |
||
| 245 |
_aImplementation of a cognitive radio system for dynamic spectrum access / _cMuhammad Ali Siddiqi, Umair Nasir, Ammar Azhar Chaudry and Saad Bin Rafiq. (TE-42) |
||
| 260 |
_aRawalpindi _bMCS _c2009 |
||
| 300 | _a49 p.; | ||
| 650 |
_aUG Projects _998716 |
||
| 651 |
_aTE-42 _9131410 |
||
| 942 |
_cPR _2ddc |
||
| 999 |
_c183900 _d183900 |
||